000 01274nam a2200349 a 4500
001 000016976
003 DO-SdBPM
005 20260518135601.0
007 ta
008 100312s2010 dr ah 001 0 spa d
020 _a9789945020922
040 _aDO-SdBPM
_bspa
_cBPMSU
_drda
049 _a
082 0 4 _a907.2
_bU26h 2010
_222
100 1 _aUgarte, María,
_d1914-
_eautor
_4aut.
245 1 0 _aHistoria, diplomática y archivística :
_bcontribuciones dominicanas /
_cMaría Ugarte.
264 _aSanto Domingo :
_bArchivo General de la Nación,
_c2010.
300 _a198 páginas ;
_c23 cm.
336 _atexto
_btxt
_2rdacontent
337 _asin mediación
_bn
_2rdamedia
338 _avolumen
_bnc
_2rdacarrier
490 0 _aArchivo General de la Nación,
_v102
500 _aIncluye índice onomástico.
500 _aIncluye datos biográficos de la autora en las solapas de la cubierta.
504 _aIncluye bibliografía y notas al pie de páginas.
590 _aInventariado, 2026/VM
650 7 _aHistoriografía
_cInvestigaciones
_zRepública Dominicana
650 7 _aArchivistica
_xEnseñanza
_zRepública Dominicana
650 7 _aDiarios dominicanos
_xSecciones, columnas, etc.
910 _aVMateo V. Control de calidad BPMSU
942 _2ddc
_cBK
999 _c15770
_d15770